000 00413 a2200157 4500
001 47613
020 _a9788508172122
040 _cAnchieta - Aquarius
100 _aPrieto, Heloisa
240 1 0 _aO livro imperdível de um engenhoso cavaleiro doido
_lpor
245 1 0 _aO livro imperdível de um engenhoso cavaleiro doido
300 _a32 p.
362 0 _a2015
650 4 _aLiteratura brasileira
942 _cBK
999 _c47613
_d47613